| 000 | 00744nam a2200253 a 4500 | ||
|---|---|---|---|
| 001 | BRL_1159 | ||
| 005 | 20190320211048.0 | ||
| 008 | 201113s1956----enkaob####---#000-0#eng-# | ||
| 041 | _aeng | ||
| 044 | _aenk | ||
| 050 | 4 |
_aF3429 _b.B87 1956 |
|
| 100 | 1 |
_aBushnell, G. H. S. _d1903-1978 _q(Geoffrey Hext Sutherland) _925968 |
|
| 245 | 1 | 0 |
_aPeru _cG. H. S. Daniel. |
| 260 |
_aLondon _bThames and Hudson _c1956 |
||
| 300 |
_a207 p. _bil., mapas _c21 cm. |
||
| 440 | 0 |
_aAncient peoples and places _v1 _925969 |
|
| 500 | _aAu1359 | ||
| 500 | _aGeneral editor, Dr. Glyn Daniel | ||
| 504 | _aBibliografía: p. 141-142 | ||
| 651 | 4 |
_aPerú _xAntigüedades _919276 |
|
| 651 | 4 |
_aPerú _xHistoria _yHasta 1548 _925970 |
|
| 902 | _aGRL | ||
| 942 |
_2lcc _cB |
||
| 999 |
_c9971 _d9971 |
||